[Event "ESP-chT Regional U16"]
[Site "Gijon"]
[Date "2021.06.17"]
[Round "1.4"]
[White "Gutierrez Ezquerro, Lucia"]
[Black "Torrents Busquet, Foix"]
[Result "0-1"]
[WhiteElo "1036"]
[BlackElo "1578"]
[PlyCount "58"]
[EventDate "2021.06.17"]
[EventType "team-swiss"]
[EventRounds "6"]
[EventCountry "ESP"]
[SourceTitle "EXT 2022"]
[Source "ChessBase"]
[SourceDate "2021.10.06"]
[SourceVersion "1"]
[SourceVersionDate "2021.10.06"]
[SourceQuality "1"]
[WhiteTeam "La Rioja U16"]
[BlackTeam "Catalunya U16"]
[WhiteTeamCountry "ESP"]
[BlackTeamCountry "ESP"]

1. e4 e5 2. Nf3 Nf6 3. Nc3 Nc6 4. d4 exd4 5. Nxd4 Nxd4 6. Qxd4 d6 7. Bc4 Be7 8. Be3 0-0 9. 0-0-0 a6 10. f3 b5 11. Bd3 c5 12. Qd5 Nxd5 13. Nxd5 Be6 14. a3 Bxd5 15. exd5 Bf6 16. Rhe1 Qd7 17. b3 c4 18. Be4 cxb3 19. cxb3 Qc7+ 20. Bc2 Rac8 21. Re2 Qc3 22. Rf2 Qb2+ 23. Kd2 Rxc2+ 24. Ke1 Bc3+ 25. Kf1 Rxf2+ 26. Bxf2 Re8 27. Bg3 Qe2+ 28. Kg1 Qxd1+ 29. Be1 Qxe1# 0-1